| 000 | 00487nam a2200157Ia 4500 | ||
|---|---|---|---|
| 008 | 210716s2018 xx 000 0 und d | ||
| 020 | _a9789352803491 | ||
| 041 | _aeng | ||
| 082 | _a658.162 KRIC | ||
| 100 | _aKrishnamurti, Chandrasekhar; Vishwanath, S R. | ||
| 245 |
_aMergers acquisitions and corporate restructuring: text and cases. _bText and cases. |
||
| 250 | _a1 | ||
| 260 |
_aNew Delhi _bSage Publications _c2018 |
||
| 300 | _axxviii,419,I7 | ||
| 650 | _aMergers & Acqusitions | ||
| 999 |
_c211224 _d211224 |
||